Statystyki dla Stany USA graniczące z Kanadą

Kliknij tutaj aby rozwiązać quiz!

Ogólne statystyki

  • Ten quiz został rozwiązany 6 058 razy
  • Średni wynik to 7 z 11

Statystyki odpowiedzi

Stan% Poprawnych
Waszyngton
91%
Dakota Północna
73%
Montana
69%
Michigan
68%
Nowy Jork
63%
Maine
62%
Minnesota
53%
Idaho
51%
Vermont
50%
Alaska
47%
New Hampshire
40%

Rozkład punktacji

Percentyl według liczby udzielonych odpowiedzi

Procent ludzi z każdym wynikiem

Twoja historia wyników

Nie rozwiązałeś tego quizu